01813cam a22004694i 4500003000900000005001700009008004100026020001500067035002700082040003300109049000900142082002000151100003400171245010600205264005500311300003800366336002100404337002500425338002300450504002800473505016400501526001000665526001000675526001000685526001000695526000800705526000800713526000800721526000800729526000800737526000800745526000800753650004000761910001800801942001400819949012700833994001400960596000600974999015300980980005501133952015501188PE-LiUPU20250731173531.0150616s r 000 0 d a0801071208 a(Sirsi) i9780801071201 aPE-LiUPUbspacPE-LiUPUerda aPRUA04a268.01bP332211 aPazmiño, Robert W.,eautor.10aPrinciples and Practices of Christian Education :ban evangelical perspective /cRobert W. Pazmiño. 1aGrand Rapids, Michigan :bBaker Book House,c1992. a181 páginas ;c22 centímetros atext2rdacontent aunmediated2rdamedia avolume2rdacarrier aIncluye bibliografía.0 aPrinciples from the past.- Principles for the present and future.- Educational structures.- Educational content.- Educational methods.- Educational evaluation. aSEG42 aSEG41 aSEG40 aSEG39 aP94 aP87 aP86 aP85 aP77 aP76 aP3504aEducación cristianaxFilosofía. ajckbjvqcjck 2ddccBOOK a268.01 P33wDEWEYc1i42287lCCODEBUL1mBULr0sYtBOOKu2015-6-16xTEOLOGIAzUNKNOWN0COMPRAo.STAFF. Colección General aC0bPEPRU a1 a268.01 P33wDEWEYc60118i42287f2021-11-10g5lCCODEBUL1mBULr0sYtBOOKu2015-6-16xTEOLOGIAzUNKNOWN0COMPRAo.STAFF. Colección Generald60118 81gALBERTO SANCHEZ Responsable de Automatización r2025-12-02 00:00:00i6l0o268.01 P33p42287te1w2015-06-16xPGyBKzinventario-2023-12-13102ddc50708GENfP85aBULbBULcGENd2015-06-16eCOMPRA